[Event "Bogota-ch sf"]
[Site "Bogota"]
[Date "2014.03.24"]
[Round "7"]
[White "Guzman, Campo Elias"]
[Black "Casallas Abril, Dario Hernan"]
[Result "1-0"]
[WhiteElo "2060"]
[BlackElo "1975"]
[PlyCount "63"]
[EventDate "2014.03.21"]
[EventType "swiss"]
[EventRounds "7"]
[EventCountry "COL"]
[SourceTitle "CBM 159 Extra"]
[Source "ChessBase"]
[SourceDate "2014.04.24"]
[SourceVersion "1"]
[SourceVersionDate "2014.04.24"]
[SourceQuality "1"]

1. b3 Nf6 2. Bb2 d5 3. e3 Nc6 4. Bb5 Bd7 5. Nf3 a6 6. Bxc6 Bxc6 7. Ne5 Bd7 8. c4 e6 9. Nc3 Be7 10. 0-0 0-0 11. f4 Bc8 12. Ne2 Qd6 13. Ng3 Rd8 14. d4 b6 15. c5 bxc5 16. Ba3 Nd7 17. Rc1 Nxe5 18. Bxc5 Qd7 19. fxe5 Bb7 20. Nh5 Bg5 21. Qg4 Bxe3+ 22. Kh1 f5 23. exf6 g6 24. Rce1 Bh6 25. f7+ Kh8 26. Nf6 Qxf7 27. Qh4 Bf8 28. Ne8 Qxf1+ 29. Rxf1 Rxe8 30. Rf7 Bg7 31. Rxc7 Bc8 32. Be7 1-0

[Event "Bogota district-chT"]
[Site "Bogota"]
[Date "2012.11.09"]
[Round "1"]
[White "Casallas Abril, Dario Hernan"]
[Black "Garavito, Miguel Angel"]
[Result "0-1"]
[WhiteElo "1990"]
[BlackElo "2236"]
[PlyCount "98"]
[EventDate "2012.11.09"]
[EventType "team-swiss"]
[EventRounds "5"]
[EventCountry "COL"]
[SourceTitle "EXT 2014"]
[Source "ChessBase"]
[SourceDate "2013.11.20"]
[SourceVersion "1"]
[SourceVersionDate "2013.11.20"]
[SourceQuality "1"]

1. e4 g6 2. d4 Bg7 3. Nf3 d6 4. Nc3 c6 5. Bc4 Nf6 6. 0-0 b5 7. Bd3 0-0 8. a3 Bg4 9. h3 Bxf3 10. Qxf3 e5 11. dxe5 dxe5 12. Bg5 Nbd7 13. Rad1 Qc7 14. Rd2 h6 15. Bh4 Nh5 16. Rfd1 Nc5 17. Ne2 Rae8 18. Bg3 Nxg3 19. Nxg3 h5 20. b4 Ne6 21. c3 Bh6 22. Rc2 Rd8 23. Nf1 Rd7 24. Ne3 Rfd8 25. Be2 Bxe3 26. Rxd7 Bxf2+ 27. Qxf2 Qxd7 28. Qf6 Qd6 29. g3 Nd4 30. Qxd6 Nxe2+ 31. Rxe2 Rxd6 32. Rc2 Rd1+ 33. Kf2 Ra1 34. c4 Rxa3 35. cxb5 cxb5 36. Rc5 a6 37. Rxe5 Rb3 38. Re8+ Kg7 39. Ra8 Rxb4 40. Rxa6 Rxe4 41. Rb6 b4 42. Kf3 Rc4 43. h4 Rc3+ 44. Kf4 Rb3 45. Rb5 Rb1 46. Rb6 b3 47. Kf3 Kf8 48. Ke2 b2 49. Kf2 Rh1 0-1

[Event "Bogota op 10"]
[Site "Bogota"]
[Date "2012.10.18"]
[Round "8"]
[White "Castrillon Gomez, Melissa"]
[Black "Casallas Abril, Dario Hernan"]
[Result "1/2-1/2"]
[WhiteElo "2179"]
[BlackElo "1982"]
[PlyCount "91"]
[EventDate "2012.10.11"]
[EventType "swiss"]
[EventRounds "9"]
[EventCountry "COL"]
[SourceTitle "EXT 2013"]
[Source "ChessBase"]
[SourceDate "2012.11.22"]
[SourceVersion "1"]
[SourceVersionDate "2012.11.22"]
[SourceQuality "1"]

1. e4 e6 2. d4 d5 3. e5 c5 4. c3 Nc6 5. Nf3 cxd4 6. cxd4 Qb6 7. Bd3 Bd7 8. 0-0 Nxd4 9. Nxd4 Qxd4 10. Nc3 a6 11. Qe2 Ne7 12. Kh1 Nc6 13. f4 Nb4 14. Rd1 Nxd3 15. Rxd3 Qb6 16. f5 Bb5 17. Nxb5 Qxb5 18. fxe6 fxe6 19. Bg5 Be7 20. Bxe7 Kxe7 21. Qd2 h6 22. Rb3 Qd7 23. Qb4+ Kf7 24. Rf1+ Kg6 25. Rbf3 Qc6 26. Qe7 Rhg8 27. Rc3 Qe8 28. Qxb7 Qb5 29. Qf7+ Kh7 30. Rg3 Qxb2 31. Qxe6 Raf8 32. Rg1 Qxa2 33. h3 Re8 34. Qd6 Qe2 35. Rc1 Qxe5 36. Qg6+ Kh8 37. Rc6 Qf4 38. Rxa6 Qc1+ 39. Kh2 Re1 40. Rf3 Rh1+ 41. Kg3 Qe1+ 42. Kg4 Rh2 43. Kh5 Qe5+ 44. Qf5 Qxf5+ 45. Rxf5 Rxg2 46. Rxd5 1/2-1/2

[Event "Bogota op 10"]
[Site "Bogota"]
[Date "2012.10.17"]
[Round "7"]
[White "Casallas Abril, Dario Hernan"]
[Black "Guerrero Sierra, Juan Carlos"]
[Result "0-1"]
[WhiteElo "1982"]
[BlackElo "2255"]
[PlyCount "50"]
[EventDate "2012.10.11"]
[EventType "swiss"]
[EventRounds "9"]
[EventCountry "COL"]
[SourceTitle "EXT 2013"]
[Source "ChessBase"]
[SourceDate "2012.11.22"]
[SourceVersion "1"]
[SourceVersionDate "2012.11.22"]
[SourceQuality "1"]

1. e4 c5 2. Nf3 g6 3. d4 Bg7 4. Nc3 cxd4 5. Nxd4 Nc6 6. Be3 Nf6 7. f3 0-0 8. Qd2 d5 9. Nxc6 bxc6 10. exd5 Nxd5 11. Nxd5 cxd5 12. c3 Qa5 13. Be2 Rd8 14. 0-0 d4 15. Rfd1 d3 16. Bxd3 Rb8 17. Qe2 Be6 18. Bc4 Bxc4 19. Qxc4 Rxb2 20. Rab1 Rxb1 21. Rxb1 Bxc3 22. Rb7 Be5 23. Qe2 Qa4 24. Rxe7 Rd1+ 25. Kf2 Qh4+ 0-1

[Event "Bogota op 10"]
[Site "Bogota"]
[Date "2012.10.15"]
[Round "5"]
[White "Casallas Abril, Dario Hernan"]
[Black "Sanchez, Harrison"]
[Result "1-0"]
[WhiteElo "1982"]
[BlackElo "1748"]
[PlyCount "79"]
[EventDate "2012.10.11"]
[EventType "swiss"]
[EventRounds "9"]
[EventCountry "COL"]
[SourceTitle "EXT 2013"]
[Source "ChessBase"]
[SourceDate "2012.11.22"]
[SourceVersion "1"]
[SourceVersionDate "2012.11.22"]
[SourceQuality "1"]

1. e4 c6 2. d4 d5 3. Nc3 dxe4 4. Nxe4 Bf5 5. Ng3 Bg6 6. h4 h6 7. Nf3 Nd7 8. h5 Bh7 9. Bd3 Ngf6 10. Bxh7 Nxh7 11. Qd3 Qc7 12. Bd2 e6 13. 0-0-0 Bd6 14. Ne4 Bf4 15. Rh4 Bxd2+ 16. Rxd2 Nhf6 17. Re2 0-0-0 18. Qa3 Nxe4 19. Rhxe4 Nf6 20. Rh4 Kb8 21. Ne5 Rd5 22. c4 Ra5 23. Qb3 Rd8 24. Kb1 c5 25. Qc3 a6 26. d5 exd5 27. Nxf7 d4 28. Qd2 Re8 29. Rxe8+ Nxe8 30. Re4 Nf6 31. Re1 b5 32. Ne5 bxc4 33. Nc6+ Ka8 34. Nxa5 c3 35. Qd3 Qxa5 36. Qf3+ Kb8 37. Re7 Qb5 38. b3 d3 39. Qf4+ Ka8 40. Qc7 1-0

[Event "Bogota Univ Central op-A 5th"]
[Site "Bogota"]
[Date "2011.10.14"]
[Round "2.1"]
[White "Becerra, Juan David"]
[Black "Casallas Abril, Dario Hernan"]
[Result "1-0"]
[WhiteElo "2268"]
[BlackElo "1990"]
[PlyCount "63"]
[EventDate "2011.10.13"]
[EventType "swiss"]
[EventRounds "9"]
[EventCountry "COL"]
[SourceTitle "EXT 2024"]
[Source "ChessBase"]
[SourceDate "2023.10.10"]
[SourceVersion "1"]
[SourceVersionDate "2023.10.10"]
[SourceQuality "1"]

1. e4 e6 2. d3 d5 3. Nd2 dxe4 4. dxe4 Nc6 5. Ngf3 e5 6. Bb5 Bd6 7. Nc4 Bg4 8. h3 Bxf3 9. Qxf3 Nge7 10. c3 0-0 11. Ne3 a6 12. Ba4 b5 13. Bc2 Rb8 14. Nf5 Nxf5 15. exf5 Na5 16. Be4 Nc4 17. h4 Be7 18. g4 f6 19. g5 fxg5 20. hxg5 Bxg5 21. Bd5+ Kh8 22. Qh5 Bh6 23. Bxh6 gxh6 24. Qxh6 Qe7 25. 0-0-0 Nd6 26. Be6 Nxf5 27. Qh5 Nd6 28. Rdg1 Rf6 29. Bd5 Rbf8 30. Qg5 R6f7 31. Rxh7+ Rxh7 32. Qg8+ 1-0

[Event "Bogota Mayores Distrital op"]
[Site "Bogota"]
[Date "2011.08.15"]
[Round "9"]
[White "Salcedo, Jackeline"]
[Black "Casallas Abril, Dario Hernan"]
[Result "0-1"]
[WhiteElo "1995"]
[BlackElo "2006"]
[PlyCount "74"]
[EventDate "2011.08.11"]
[EventType "swiss"]
[EventRounds "9"]
[EventCountry "COL"]
[SourceTitle "CBM 143 Extra"]
[Source "ChessBase"]
[SourceDate "2011.08.29"]
[SourceVersion "1"]
[SourceVersionDate "2011.08.29"]
[SourceQuality "1"]

1. c4 Nf6 2. Nc3 g6 3. e4 d6 4. d4 Bg7 5. Nf3 0-0 6. Be2 e5 7. 0-0 Nc6 8. d5 Ne7 9. Ne1 Nd7 10. f4 exf4 11. Bxf4 Ne5 12. Nf3 Nxf3+ 13. Bxf3 f5 14. Bg5 h6 15. Bh4 Qe8 16. Re1 g5 17. Bf2 f4 18. Bg4 Bxg4 19. Qxg4 a6 20. Ne2 Ng6 21. Nd4 Bxd4 22. Bxd4 Ne5 23. Bxe5 Qxe5 24. b3 Rae8 25. Kh1 Re7 26. Rad1 Rfe8 27. Rd2 Qc3 28. Rde2 Rxe4 29. h3 Rxe2 30. Rxe2 Rxe2 31. Qxe2 Qa1+ 32. Kh2 Qe5 33. Qf3 Kg7 34. h4 Kg6 35. hxg5 hxg5 36. Kh3 Qh8+ 37. Kg4 Qh4# 0-1

[Event "Bogota Mayores Distrital op"]
[Site "Bogota"]
[Date "2011.08.13"]
[Round "4"]
[White "Casallas Abril, Dario Hernan"]
[Black "Ramirez, Carlos"]
[Result "0-1"]
[WhiteElo "2006"]
[BlackElo "2316"]
[PlyCount "50"]
[EventDate "2011.08.11"]
[EventType "swiss"]
[EventRounds "9"]
[EventCountry "COL"]
[SourceTitle "CBM 143 Extra"]
[Source "ChessBase"]
[SourceDate "2011.08.29"]
[SourceVersion "1"]
[SourceVersionDate "2011.08.29"]
[SourceQuality "1"]

1. e4 e6 2. d4 d5 3. e5 c5 4. c3 Nc6 5. Nf3 Bd7 6. a3 c4 7. Be2 Qb6 8. 0-0 f6 9. Nbd2 Na5 10. Rb1 Ne7 11. Qe1 Nec6 12. Bd1 Qc7 13. b4 cxb3 14. Nxb3 Nc4 15. exf6 gxf6 16. a4 0-0-0 17. Nbd2 Nxd2 18. Bxd2 Bd6 19. Qe2 e5 20. dxe5 fxe5 21. Ng5 Rdf8 22. c4 h6 23. Nf3 Bg4 24. cxd5 Bxf3 25. gxf3 Rhg8+ 0-1

[Event "Bogota Mayores Distrital op 04"]
[Site "Bogota"]
[Date "2011.04.15"]
[Round "3.7"]
[White "Ramirez, Carlos"]
[Black "Casallas Abril, Dario Hernan"]
[Result "1-0"]
[WhiteElo "2300"]
[BlackElo "2008"]
[PlyCount "61"]
[EventDate "2011.04.14"]
[EventType "swiss"]
[EventRounds "7"]
[EventCountry "COL"]
[SourceTitle "EXT 2024"]
[Source "ChessBase"]
[SourceDate "2023.10.10"]
[SourceVersion "1"]
[SourceVersionDate "2023.10.10"]
[SourceQuality "1"]

1. d4 d5 2. c4 c6 3. Nf3 Nf6 4. Nc3 dxc4 5. a4 Bf5 6. Ne5 Nbd7 7. Nxc4 e6 8. g3 Bb4 9. Bg2 0-0 10. 0-0 Nb6 11. Ne3 Bg6 12. Na2 Be7 13. a5 Nbd5 14. Nc4 h6 15. Qb3 Qc7 16. f3 b5 17. Ne5 Qxa5 18. e4 Qb6 19. Nxg6 Qxd4+ 20. Kh1 fxg6 21. exd5 exd5 22. Qc2 g5 23. Qxc6 Ne4 24. Qe6+ Kh8 25. Be3 Qxe3 26. fxe4 Rxf1+ 27. Rxf1 Rf8 28. Rxf8+ Bxf8 29. exd5 Qd3 30. Nc3 Bb4 31. Qe8+ 1-0

[Event "Bogota McGregor op 1st"]
[Site "Bogota"]
[Date "2010.12.06"]
[Round "6"]
[White "Casallas Abril, Dario Hernan"]
[Black "Gomez Calderon, Valentina"]
[Result "0-1"]
[WhiteElo "2029"]
[BlackElo "1789"]
[PlyCount "63"]
[EventDate "2010.12.03"]
[EventType "swiss"]
[EventRounds "10"]
[EventCountry "COL"]
[SourceTitle "CBM 139 Extra"]
[Source "ChessBase"]
[SourceDate "2011.01.05"]
[SourceVersion "1"]
[SourceVersionDate "2011.01.05"]
[SourceQuality "1"]

1. e4 c5 2. Nf3 e6 3. d4 cxd4 4. Nxd4 Nf6 5. Nc3 Bb4 6. Qd3 Bxc3+ 7. bxc3 0-0 8. Be2 d5 9. exd5 Nxd5 10. 0-0 a6 11. c4 Nb4 12. Qc3 N4c6 13. Rd1 Qc7 14. Bb2 e5 15. Nb3 Nd7 16. Rd3 Nf6 17. Rh3 b6 18. Bf3 Nd7 19. Re1 Bb7 20. Be4 Rfe8 21. a3 Nf6 22. Bd5 Rad8 23. Rd3 a5 24. Ba1 a4 25. Nd2 Nd4 26. Bxb7 Qxb7 27. Nf3 Ne4 28. Rxe4 Qxe4 29. Qd2 Nxf3+ 30. gxf3 Rxd3 31. Qxd3 Qxd3 32. cxd3 0-1

[Event "Bogota Torneo Distrital op"]
[Site "Bogota"]
[Date "2010.05.15"]
[Round "2.4"]
[White "Casallas Abril, Dario Hernan"]
[Black "Gomez, Dario G"]
[Result "1-0"]
[WhiteElo "1972"]
[BlackElo "2164"]
[PlyCount "79"]
[EventDate "2010.05.14"]
[EventType "swiss"]
[EventRounds "7"]
[EventCountry "COL"]
[SourceTitle "EXT 2024"]
[Source "ChessBase"]
[SourceDate "2023.10.10"]
[SourceVersion "1"]
[SourceVersionDate "2023.10.10"]
[SourceQuality "1"]

1. e4 c5 2. Nf3 d6 3. d4 cxd4 4. Nxd4 a6 5. Nc3 Nf6 6. Bg5 e6 7. f4 Qc7 8. Qf3 Nc6 9. 0-0-0 Be7 10. g4 Rb8 11. f5 b5 12. fxe6 fxe6 13. Nxc6 Qxc6 14. Bd3 b4 15. Ne2 e5 16. h3 Be6 17. Kb1 0-0 18. Qe3 d5 19. Ng3 d4 20. Qd2 h6 21. Bxh6 gxh6 22. Qxh6 Nh7 23. Nf5 Rf7 24. g5 Bf8 25. Qh5 Bxf5 26. exf5 e4 27. g6 exd3 28. gxf7+ Kh8 29. cxd3 b3 30. Qe2 bxa2+ 31. Ka1 Qb5 32. Rhg1 Nf6 33. Rg6 Qxf5 34. Rdg1 Kh7 35. R6g5 Qxh3 36. Qe5 Rb6 37. Qxd4 Rd6 38. Rg7+ Bxg7 39. Qxd6 Nd7 40. Qg6+ 1-0

[Event "Bogota Torneo Distrital"]
[Site "Bogota"]
[Date "2010.04.01"]
[Round "3"]
[White "Mora, Luis Jose"]
[Black "Casallas Abril, Dario Hernan"]
[Result "1-0"]
[WhiteElo "1745"]
[BlackElo "1977"]
[PlyCount "86"]
[EventDate "2010.03.31"]
[EventType "swiss"]
[EventRounds "7"]
[EventCountry "COL"]
[SourceTitle "EXT 2024"]
[Source "ChessBase"]
[SourceDate "2023.10.10"]
[SourceVersion "1"]
[SourceVersionDate "2023.10.10"]
[SourceQuality "1"]

1. d4 Nf6 2. e3 g6 3. f4 d6 4. Bd3 Bg7 5. Nf3 0-0 6. 0-0 b6 7. Qe2 Bb7 8. Nbd2 Nbd7 9. c3 c5 10. Ng5 h6 11. Nge4 Rc8 12. Qf3 Qc7 13. Qh3 Nxe4 14. Nxe4 Rce8 15. f5 g5 16. Bd2 f6 17. Ng3 Qc8 18. Rac1 c4 19. Bc2 Rf7 20. Nh5 Nb8 21. Rce1 Nd7 22. e4 Qc7 23. Nxg7 Kxg7 24. Qh5 Rh8 25. Rf3 Kg8 26. Rh3 Rg7 27. Ree3 Qd8 28. b3 Ba6 29. Qe2 Qc8 30. Rh5 cxb3 31. Bxb3+ Kf8 32. c4 Qc6 33. Rc3 Bb7 34. Re3 Ba6 35. Bb4 Bb7 36. Qc2 Qc7 37. Ba3 a6 38. Rc3 Qc6 39. Ba4 Qc7 40. Bxd7 Qxd7 41. c5 dxc5 42. d5 Rgg8 43. Rb3 b5 1-0

[Event "Bogota Mila Memorial op"]
[Site "Bogota"]
[Date "2009.04.??"]
[Round "2"]
[White "Casallas Abril, Dario Hernan"]
[Black "Rios, Cristhian Camilo"]
[Result "1/2-1/2"]
[WhiteElo "1977"]
[BlackElo "1896"]
[PlyCount "132"]
[EventDate "2009.04.??"]
[EventType "swiss"]
[EventRounds "9"]
[EventCountry "COL"]
[SourceTitle "EXT 2014"]
[Source "ChessBase"]
[SourceDate "2013.11.20"]
[SourceVersion "1"]
[SourceVersionDate "2013.11.20"]
[SourceQuality "1"]

1. e4 c5 2. Nf3 e6 3. d4 cxd4 4. Nxd4 Nf6 5. Nc3 d6 6. Bd3 a6 7. 0-0 b5 8. a3 Bb7 9. Be3 Nbd7 10. f3 Be7 11. Nb3 0-0 12. Qd2 Rc8 13. Rac1 Ne5 14. Be2 Kh8 15. Bf4 Nc4 16. Bxc4 bxc4 17. Na1 Bc6 18. b4 d5 19. e5 Nd7 20. Ne2 c3 21. Nxc3 f6 22. exf6 Bxf6 23. Be3 Bxc3 24. Qxc3 Bb5 25. Qe1 Bxf1 26. Qxf1 Rc6 27. Nb3 e5 28. c3 Rg6 29. Qd3 Nb6 30. Bc5 Re8 31. Rd1 Qg5 32. Qd2 Qxd2 33. Rxd2 Nc4 34. Rxd5 Nxa3 35. Nd2 h6 36. Ne4 Nc4 37. Bf2 Rc6 38. Bc5 Rcc8 39. Rd7 Red8 40. Ra7 Rc6 41. Kf2 Nd2 42. Ng3 Nb3 43. Ne4 Nc1 44. Ke3 Nd3 45. Be7 Rd5 46. Bf8 Rg6 47. g4 Nb2 48. h4 h5 49. Ng5 Nd1+ 50. Ke4 Nxc3+ 51. Ke3 hxg4 52. fxg4 e4 53. Be7 Rd3+ 54. Kf4 Rxg5 55. Kxg5 Nd5 56. Ra8+ Kh7 57. Bc5 a5 58. Rxa5 e3 59. Ra1 e2 60. Re1 Nc3 61. Kf4 Rh3 62. Bd4 Nd5+ 63. Kg5 Rf3 64. Rxe2 Nf4 65. Re7 Nh3+ 66. Kh5 Nf4+ 1/2-1/2